Numerical analysis of vibrations of structures under moving inertial load (Record no. 325707)
[ view plain ]
| 000 -LEADER | |
|---|---|
| fixed length control field | 00412 a2200133 4500 |
| 001 - CONTROL NUMBER | |
| control field | 90634 |
| 082 ## - DEWEY DECIMAL CLASSIFICATION NUMBER | |
| Classification number | 624.172 BAJ |
| 090 ## - LOCALLY ASSIGNED LC-TYPE CALL NUMBER (OCLC); LOCAL CALL NUMBER (RLIN) | |
| -- | 42925 |
| -- | 42925 |
| 100 ## - MAIN ENTRY--PERSONAL NAME | |
| Personal name | Bajer, Czeslaw I; Bartlomiej Dyniewicz |
| 245 ## - TITLE STATEMENT | |
| Title | Numerical analysis of vibrations of structures under moving inertial load |
| 260 ## - PUBLICATION, DISTRIBUTION, ETC. | |
| Place of publication, distribution, etc. | London |
| Name of publisher, distributor, etc. | Springer |
| Date of publication, distribution, etc. | 2012 |
| 300 ## - PHYSICAL DESCRIPTION | |
| Extent | x, 294 p. |
| 740 ## - ADDED ENTRY--UNCONTROLLED RELATED/ANALYTICAL TITLE | |
| Uncontrolled related/analytical title | vibrations of structures |
| Medium | moving inertial load |
| 942 ## - ADDED ENTRY ELEMENTS (KOHA) | |
| Institution code [OBSOLETE] | NUST-CAE |
| Call number prefix | 624.172 BAJ |
| Withdrawn status | Lost status | Damaged status | Not for loan | Collection code | Permanent Location | Current Location | Date acquired | Total Checkouts | Full call number | Barcode | Date last seen | Price effective from | Koha item type |
|---|---|---|---|---|---|---|---|---|---|---|---|---|---|
| College of Aeronautical Engineering (CAE) | College of Aeronautical Engineering (CAE) | 04/03/2017 | 624.172 BAJ | CAE87133 | 04/05/2017 | 04/05/2017 | Book |
